[Event "SM-gruppen"]
[Site "Örebro"]
[Date "2013.07.14"]
[Round "14"]
[White "Grandelius, Nils"]
[Black "Tikkanen, Hans"]
[Result "0-1"]
[BlackElo "2528"]
[WhiteElo "2573"]

1. e4 {[%clk 0:05:58]} Nc6 {[%clk 0:05:00]} 2. Nf3 {[%clk 0:05:58]} d6 3. d4 Nf6
{[%clk 0:04:59]} 4. Nc3 {[%clk 0:05:57]} g6 {[%clk 0:04:58]} 5. d5 Nb8 6. h3
{[%clk 0:05:55]} Bg7 7. Be2 O-O {[%clk 0:04:56]} 8. O-O {[%clk 0:05:54]} e5
{[%clk 0:04:56]} 9. dxe6 {[%clk 0:05:53]} Bxe6 {[%clk 0:04:55]} 10. Bf4
{[%clk 0:05:52]} d5 {[%clk 0:04:54]} 11. e5 {[%clk 0:05:52]} Ne4 {[%clk 0:04:51]}
12. Nxe4 {[%clk 0:05:51]} dxe4 {[%clk 0:04:50]} 13. Qxd8 {[%clk 0:05:50]} Rxd8
{[%clk 0:04:49]} 14. Ng5 {[%clk 0:05:49]} Nd7 {[%clk 0:04:39]} 15. Nxe6
{[%clk 0:05:44]} fxe6 {[%clk 0:04:38]} 16. Bc4 {[%clk 0:05:34]} Kf7
{[%clk 0:04:21]} 17. Bg5 {[%clk 0:05:16]} Re8 {[%clk 0:04:12]} 18. Rfe1
{[%clk 0:05:12]} Nxe5 {[%clk 0:04:08]} 19. Bb3 {[%clk 0:05:12]} h6
{[%clk 0:03:48]} 20. Bf4 {[%clk 0:05:08]} g5 {[%clk 0:03:42]} 21. Bg3
{[%clk 0:05:04]} Nd7 {[%clk 0:03:32]} 22. c3 {[%clk 0:04:04]} c6 {[%clk 0:03:24]}
23. Bc2 {[%clk 0:03:55]} Nc5 {[%clk 0:03:22]} 24. Bd6 {[%clk 0:03:51]} Bf8
{[%clk 0:03:18]} 25. Bg3 {[%clk 0:03:22]} a5 {[%clk 0:03:04]} 26. Rad1
{[%clk 0:03:18]} Red8 {[%clk 0:02:56]} 27. Bc7 {[%clk 0:03:12]} Rxd1
{[%clk 0:02:52]} 28. Rxd1 {[%clk 0:03:11]} Be7 {[%clk 0:02:45]} 29. Kf1
{[%clk 0:03:01]} a4 {[%clk 0:02:38]} 30. Ke2 {[%clk 0:02:54]} a3 {[%clk 0:02:30]}
31. b3 {[%clk 0:02:53]} Bf6 {[%clk 0:02:19]} 32. Bb6 {[%clk 0:02:50]} Nd3
{[%clk 0:02:01]} 33. Bxd3 {[%clk 0:02:44]} exd3+ {[%clk 0:02:00]} 34. Rxd3
{[%clk 0:02:43]} Ke8 {[%clk 0:01:41]} 35. Rd6 {[%clk 0:02:42]} Bxc3
{[%clk 0:01:26]} 36. Rxe6+ {[%clk 0:02:41]} Kf7 {[%clk 0:01:26]} 37. Rxh6
{[%clk 0:02:37]} Re8+ {[%clk 0:01:23]} 38. Be3 {[%clk 0:02:35]} Bg7
{[%clk 0:01:20]} 39. Rd6 {[%clk 0:02:31]} Re7 {[%clk 0:01:15]} 40. Kd3
{[%clk 0:02:30]} Bf6 {[%clk 0:01:14]} 41. Bc5 {[%clk 0:02:23]} Re1
{[%clk 0:01:11]} 42. Bxa3 {[%clk 0:02:14]} Be7 {[%clk 0:01:03]} 43. Rh6
{[%clk 0:02:03]} Bxa3 44. Rh7+ Ke6 {[%clk 0:01:01]} 45. Rxb7 {[%clk 0:02:02]} Ra1
{[%clk 0:00:59]} 46. Rb6 {[%clk 0:02:00]} Kd5 {[%clk 0:00:58]} 47. Ra6
{[%clk 0:01:59]} Rxa2 {[%clk 0:00:56]} 48. Ra8 {[%clk 0:01:56]} Ra1
{[%clk 0:00:54]} 49. Rg8 {[%clk 0:01:53]} Bc1 {[%clk 0:00:53]} 50. Rd8+
{[%clk 0:01:50]} Ke6 {[%clk 0:00:52]} 51. Rc8 {[%clk 0:01:48]} Kd7
{[%clk 0:00:51]} 52. Rg8 {[%clk 0:01:48]} Ra2 {[%clk 0:00:50]} 53. Rf8
{[%clk 0:01:46]} Ke7 {[%clk 0:00:49]} 54. Rf3 {[%clk 0:01:45]} Rb2
{[%clk 0:00:47]} 55. Kc3 {[%clk 0:01:44]} Re2 {[%clk 0:00:46]} 56. Kd3
{[%clk 0:01:43]} Rb2 {[%clk 0:00:46]} 57. Kc4 {[%clk 0:01:42]} Kd6
{[%clk 0:00:45]} 58. Rd3+ {[%clk 0:01:42]} Kc7 59. Rd1 Bf4 {[%clk 0:00:43]} 60.
g3 {[%clk 0:01:41]} Bd6 {[%clk 0:00:42]} 61. Rf1 {[%clk 0:01:41]} Rc2+
{[%clk 0:00:41]} 62. Kd3 {[%clk 0:01:40]} Rb2 {[%clk 0:00:41]} 63. Kc3
{[%clk 0:01:39]} Be5+ {[%clk 0:00:40]} 64. Kc4 {[%clk 0:01:39]} Rc2+
{[%clk 0:00:39]} 65. Kd3 {[%clk 0:01:39]} Rb2 {[%clk 0:00:39]} 66. Ke4
{[%clk 0:01:38]} Bd6 {[%clk 0:00:38]} 67. Kf5 {[%clk 0:01:36]} Be7
{[%clk 0:00:36]} 68. Re1 {[%clk 0:01:35]} Bd8 {[%clk 0:00:35]} 69. f4
{[%clk 0:01:34]} gxf4 {[%clk 0:00:33]} 70. Kxf4 {[%clk 0:01:33]} Rxb3
{[%clk 0:00:32]} 71. h4 {[%clk 0:01:33]} Rb4+ {[%clk 0:00:31]} 72. Kf5
{[%clk 0:01:32]} Bxh4 {[%clk 0:00:30]} 73. gxh4 {[%clk 0:01:31]} Rxh4
{[%clk 0:00:29]} 74. Rd1 {[%clk 0:01:31]} c5 {[%clk 0:00:29]} 0-1